000 00503nam a2200169Ia 4500
008 090711s9999 xx 000 0 und d
082 _b65422
100 _aसामंत माया
245 _aदुनिया झुकती है
260 _c1987
300 _a435
600 _aसामंत माया
630 _aदुनिया झुकती है
700 _aसामंत माया
730 _aदुनिया झुकती है
942 _cBOOK
999 _c299880
_d299880